| 000 | 00539nam a2200181Ia 4500 | ||
|---|---|---|---|
| 003 | IN-BaIIA | ||
| 008 | 211028s9999 xx 000 0 eng d | ||
| 020 | _a978-0-486-65493-5 | ||
| 040 | _cIIA Library | ||
| 080 |
_a538.3 _bSCH |
||
| 100 |
_aSchwartz, Melvin _933098 |
||
| 245 | 0 |
_aPrinciples of electrodynamics _cMelvin Schwartz |
|
| 260 |
_aNew York _bDover Publications _c1987 |
||
| 300 | _aviii, 344p. | ||
| 650 |
_aElectrodynamics _92319 |
||
| 650 |
_aElectrostatics _926897 |
||
| 942 | _cBK | ||
| 999 |
_c17511 _d17511 |
||